|
|
|
|
| LEADER |
00000ny a22000003n 4500 |
| 005 |
20110511141751.0 |
| 008 |
921022u1992 mbcfx p 0 a0eng d |
| 022 |
|
|
|a 1188-3774
|
| 035 |
|
|
|a 3044
|
| 040 |
|
|
|a UCA
|d vLex
|
| 090 |
|
|
|c 1694
|d 1694
|
| 245 |
0 |
0 |
|a Canadian journal of urban research
|h [Recurso electrn̤ico]
|
| 256 |
|
|
|a Servicio en ln̕ea
|
| 260 |
|
|
|a Winnipeg :
|b Institute of Urban Studies
|
| 310 |
|
|
|a Semestral
|
| 362 |
0 |
|
|a Vol. 1, issue 1 (June 1992)-
|
| 506 |
1 |
|
|a Contenido solo disponible en los productos indicados
|d vLex Global
|d vLex Global (Academic Edition, excluding Law Schools)
|d vLex Global (Academic Edition, Law Schools)
|
| 650 |
0 |
4 |
|a Ciudades
|x Renovacin̤
|z Canad ̀
|x Publicaciones perid̤icas
|
| 650 |
0 |
4 |
|a Polt̕ica urbana
|z Canad ̀
|x Publicaciones perid̤icas
|
| 650 |
0 |
4 |
|a Urbanismo
|x Planifiacin̤
|x Publicaciones perid̤icas
|
| 710 |
2 |
|
|a University of Winnipeg.
|b Institute of Urban Studies.
|
| 740 |
0 |
|
|a vLex Revista (Servicios en ln̕ea)
|
| 843 |
|
|
|a Electrn̤ica. Cerrada.
|
| 853 |
|
|
|8 1
|i (year)
|j (month)
|k (day)
|
| 856 |
4 |
0 |
|z Acceso restringido
|u http://vlex.com/account/login_ip?fuente_id=3044
|
| 942 |
|
|
|c REV
|
| 999 |
0 |
0 |
|a Cities and towns
|z Canada
|v Periodicals.
|
| 999 |
0 |
0 |
|a City planning
|v Periodicals.
|
| 999 |
0 |
0 |
|a City planning
|z Canada
|v Periodicals.
|
| 999 |
0 |
0 |
|a Urban policy
|z Canada
|v Periodicals.
|
| 999 |
0 |
0 |
|a Urbanisme
|v Pãaeriodiques.
|
| 999 |
0 |
0 |
|a Villes
|v Pãaeriodiques.
|
| 999 |
0 |
0 |
|a Villes
|z Canada
|v Pãaeriodiques.
|